| 000 | 01177cam a22003854a 4500 | ||
|---|---|---|---|
| 999 | _c56554 | ||
| 001 | 8329815 | ||
| 003 | LIBRIS | ||
| 005 | 20210312154810.0 | ||
| 008 | 020113s2002 enka b 001 0 eng | ||
| 010 | _a 2002421847 | ||
| 020 | _a1851773592 (hbk) | ||
| 035 | _a(UkLWHE)e000356980 | ||
| 035 | _a(DLC) 2002421847 | ||
| 035 | _a(Bo)333655 | ||
| 040 | _aDLC | ||
| 042 | _apcc | ||
| 050 | 0 | 0 |
_aNK7423 _b.M86 2002 |
| 082 |
_a391.43 _221 |
||
| 084 |
_aIhea _2kssb/7 |
||
| 100 | 1 | _aMunn, Geoffrey C. | |
| 245 | 1 | 0 |
_aTiaras : _bpast and present / _cGeoffrey Munn. |
| 260 |
_aLondon : _bV & A Publications ; _aNew York : _bDistributed in North America by Harry N. Abrams, _c2002. |
||
| 300 |
_a128 s. : _bill. (vissa i färg) ; _c22 cm. |
||
| 504 | _aIncludes bibliographical references (p. 126) and index. | ||
| 650 | 0 | _aTiaras. | |
| 942 |
_2z _cBOOK |
||